মোছলেম বঙ্গের সামাজিক ইতিহাস/ (Record no. 18072)

MARC details
000 -LEADER
fixed length control field 00922nam a22002177a 4500
003 - CONTROL NUMBER IDENTIFIER
control field BDDh-ASL
005 - DATE AND TIME OF LATEST TRANSACTION
control field 20231015025658.0
008 - FIXED-LENGTH DATA ELEMENTS--GENERAL INFORMATION
fixed length control field 200917b2002 ||||| |||| 00| 0 d
020 ## - INTERNATIONAL STANDARD BOOK NUMBER
International Standard Book Number 984771140
040 ## - CATALOGING SOURCE
Original cataloging agency BDDh-ASL
Transcribing agency BDDh-ASL
Modifying agency BDDh-ASL
041 ## - LANGUAGE CODE
Language code of text/sound track or separate title bengali
082 ## - DEWEY DECIMAL CLASSIFICATION NUMBER
Classification number 301.5492
Item number KHM
100 ## - MAIN ENTRY--PERSONAL NAME
9 (RLIN) 905
Personal name খাঁ, মোহাম্মদ আকরম
245 1# - TITLE STATEMENT
Title মোছলেম বঙ্গের সামাজিক ইতিহাস/
Statement of responsibility, etc. মোহাম্মদ আকরম খাঁ।
246 ## - VARYING FORM OF TITLE
Title proper/short title Moslem Banger Samajik Etihas.
260 ## - PUBLICATION, DISTRIBUTION, ETC.
Place of publication, distribution, etc. ঢাকা:
Name of publisher, distributor, etc. ঐতিহ্য,
Date of publication, distribution, etc. ২০০২।
300 ## - PHYSICAL DESCRIPTION
Extent ২২৪ পৃষ্ঠা:
Dimensions ২২ সে. মি.।
504 ## - BIBLIOGRAPHY, ETC. NOTE
Bibliography, etc. note গ্রন্থপঞ্জি সংযুক্ত।
650 #0 - SUBJECT ADDED ENTRY--TOPICAL TERM
9 (RLIN) 906
Topical term or geographic name entry element মুছলিম বাংলার ইতিহাস
General subdivision সামাজিক বিজ্ঞান
942 ## - ADDED ENTRY ELEMENTS (KOHA)
Source of classification or shelving scheme Dewey Decimal Classification
Koha item type Books
Holdings
Withdrawn status Lost status Source of classification or shelving scheme Damaged status Not for loan Collection code Home library Current library Shelving location Date acquired Source of acquisition Total Checkouts Full call number Barcode Date last seen Copy number Price effective from Koha item type Public note
    Dewey Decimal Classification     Non-fiction Asiatic Society Library Asiatic Society Library General Stacks 09/17/2020 ASB Collection   301.5492 KHM 101229 09/17/2020 C-1 09/17/2020 Books RARE
    Dewey Decimal Classification Damaged Not For Loan Non-fiction Asiatic Society Library Asiatic Society Library General Stacks 10/23/2021 ASB Collection   301.5492 KHM 113171 10/23/2021 C-2 10/23/2021 Books RARE
    Dewey Decimal Classification   Not For Loan Non-fiction Asiatic Society Library Asiatic Society Library General Stacks 10/31/2021 Donated by A.K.M. Azizul Haque and Prof. Husniara Huq   301.5492 KHM 113382 10/31/2021 C-3 10/31/2021 Books RARE

Powered by Koha